| 000 | 00776na a2200241 4500 | ||
|---|---|---|---|
| 001 | 14340 | ||
| 003 | MIRAKIL | ||
| 005 | 20181213154936.0 | ||
| 008 | 160923b tu 000 0 | ||
| 020 | _a9751609623 | ||
| 035 | _a14340 | ||
| 040 |
_aMilas _btur _cTR-AnCHP |
||
| 082 |
_aATA 301.2 _bK99a 1997 |
||
| 090 | _aATA 301.2 K99a 1997 | ||
| 100 | _aKüyel, Mübahat Türker | ||
| 245 |
_aAtatürk'ün saadet anlayışı hakkında bir deneme _cMübahat Türker Küyel |
||
| 260 |
_aAnkara _bAtatürk Kültür Merkezi Başkanlığı _c1997 |
||
| 300 |
_a65 s. _c20 sm. |
||
| 600 |
_aAtatürk, Mustafa Kemal _d1881-1938 _xToplumsal yaşam |
||
| 600 |
_aAtatürk, Mustafa Kemal _d1881-1938 _xSosyal görüşler _yMutluluk |
||
| 650 | _aAtatürkçülük | ||
| 942 |
_2dcc _cBKS |
||
| 999 |
_c3560 _d3560 |
||